00462nam a2200181Ia 4500001001000000003000500010008004100015010001100056040000900067082001600076100002600092245006500118260003000183300001100213650001200224650002800236650001600264Para_2154CHAP220125s1950 xx 000 0 und d a200768 cCHAP aPA 589.2 B4 aBessey, Ernst Athearn aMorphology and taxonomy of fungi /c by Ernst Athearn Bessey aNew York :b Hafner Press a791 p. aHongos  aHongos fitopatógenos  aMicología